00753nam a2200241Ia 4500008004000000020001800040041000800058082001600066100002200082245004400104260003700148300001100185650000900196650001200205650000900217650001500226650001200241690003900253700001900292906001100311999001900322952017000341210210b2019 xxu||||| |||| 00| 0 eng d a9789386797445 aeng a362.25 TRIR aTRIPATHI (Amrita) aReal stories of dealing with depression aLondonbSimon and Schusterc2019 aiv,252 awith astories aReal adepression adealing aSocial Welfare Problems & Services aANAND (Arpita) a073925 c123649d123649 001040708PsychologyaALbALcSocial Problemd2021-02-17eBiblios Book Point, Surathkal-575014g399.00l0o362.25 TRIRp073925r2021-02-17 00:00:00w2021-02-17yBK